| 000 | 00483nam a2200169Ia 4500 | ||
|---|---|---|---|
| 003 | GCL | ||
| 008 | 140319s9999 xx 000 0 ara d | ||
| 040 |
_aGCL / _cGCL |
||
| 082 | 0 | 4 |
_a813.03 _bا ا |
| 100 | 1 | _aادوار الخراط | |
| 245 | 1 | 0 |
_aامواج الليالى / _cادوار الخراط |
| 300 | _a120 ص | ||
| 490 |
_aشرقيات _v0 |
||
| 650 | 0 | 4 | _aالادب العربى - العصر الحديث |
| 650 | 0 | 4 | _aالرواية العربية |
| 942 |
_2ddc _cBK |
||
| 999 |
_c39714 _d39714 |
||